000 00302pab a2200133 454500
008 180718b1985 xxu||||| |||| 00| 0 eng d
245 _aNew technology
_bRise of the robot
260 _c1985
300 _a28-31
362 _aJune
650 _aRobots
773 _aManagement Services
909 _a17290
999 _c17290
_d17290